[Event "Barcelona Sant Marti op 11th"]
[Site "Barcelona"]
[Date "2024.02.15"]
[Round "6"]
[White "Villa Cardenas, Jorge"]
[Black "Andrino Cubino, Simon"]
[Result "1-0"]
[WhiteElo "1534"]
[BlackElo "1360"]
[PlyCount "83"]
[EventDate "2024.01.11"]
[EventType "swiss"]
[EventRounds "9"]
[EventCountry "ESP"]
[SourceTitle "CB11_2024"]
[SourceDate "2024.03.13"]
[SourceVersion "1"]
[SourceVersionDate "2024.03.13"]
[SourceQuality "1"]

1. e4 e5 2. Nf3 Nc6 3. Bc4 h6 4. c3 Nf6 5. d3 Bc5 6. b4 Bb6 7. a4 a6 8. Ba3 d6 9. h3 Ba7 10. 0-0 0-0 11. Nbd2 Bd7 12. Ba2 Qc8 13. Kh2 b5 14. a5 Nd8 15. Rc1 Ne6 16. g3 Nh7 17. Bxe6 Bxe6 18. d4 Bxh3 19. Re1 Bg4 20. Qc2 f6 21. c4 Qe8 22. Rh1 Ng5 23. Nxg5 fxg5 24. Kg2 Bxd4 25. f3 Be3 26. fxg4 Rf2+ 27. Kh3 Rxd2 28. Qc3 Re2 29. Rc2 Rxc2 30. Qxc2 Bd4 31. cxb5 Qd7 32. bxa6 Rxa6 33. Qc4+ Kh7 34. Qxa6 h5 35. Qe2 Qe6 36. Qf3 g6 37. Rf1 hxg4+ 38. Qxg4 Qxg4+ 39. Kxg4 Kg7 40. a6 Ba7 41. b5 Bb6 42. Bb4 1-0

[Event "Barcelona Sant Marti op 11th"]
[Site "Barcelona"]
[Date "2024.01.25"]
[Round "3"]
[White "Andrino Cubino, Simon"]
[Black "Mayurkumar Gandhi, Ram"]
[Result "1-0"]
[WhiteElo "1360"]
[BlackElo "1150"]
[PlyCount "123"]
[EventDate "2024.01.11"]
[EventType "swiss"]
[EventRounds "9"]
[EventCountry "ESP"]
[SourceTitle "CB11_2024"]
[SourceDate "2024.03.13"]
[SourceVersion "1"]
[SourceVersionDate "2024.03.13"]
[SourceQuality "1"]

1. e4 e5 2. Nf3 Nc6 3. Bc4 Nf6 4. d3 Bb4+ 5. c3 Bc5 6. b4 Bb6 7. h3 d5 8. exd5 Nxd5 9. 0-0 0-0 10. Qb3 Be6 11. Re1 Qd6 12. Nbd2 Nf4 13. Ne4 Bxc4 14. Qxc4 Qxd3 15. Qxd3 Nxd3 16. Re2 Rad8 17. a4 a5 18. b5 Ne7 19. Ba3 Rd5 20. Bxe7 Re8 21. Ba3 f5 22. Ned2 e4 23. Nc4 Red8 24. Nxb6 exf3 25. gxf3 cxb6 26. Re7 Nf4 27. Rxb7 Rd1+ 28. Rxd1 Rxd1+ 29. Kh2 Nd5 30. Rb8+ Kf7 31. c4 Nf4 32. h4 Kg6 33. Rxb6+ Kh5 34. Rd6 Rf1 35. Rd2 Kxh4 36. Be7+ g5 37. b6 Nh3 38. Bxg5+ Kxg5 39. Kxh3 Rg1 40. b7 Rb1 41. Rd7 Kf4 42. Kg2 h5 43. c5 h4 44. Rd4+ Kg5 45. c6 h3+ 46. Kxh3 Rh1+ 47. Kg2 Rb1 48. Rd5 Rb4 49. Rb5 Rxb5 50. axb5 a4 51. b8Q a3 52. Qa8 f4 53. c7 a2 54. Qxa2 Kf6 55. c8R Ke7 56. Rc5 Kd7 57. Qd2+ Ke6 58. Qd5+ Ke7 59. Rc7+ Kf6 60. Rc6+ Ke7 61. Qe6+ Kd8 62. Rc8# 1-0